| 000 | 00885nam a2200289Ia 4500 | ||
|---|---|---|---|
| 001 | Z_4961 | ||
| 003 | CHAP | ||
| 008 | 220113s2003 xx 000 0 und d | ||
| 010 | _a168016 | ||
| 040 | _cCHAP | ||
| 090 | _aTesis H 1775 | ||
| 100 |
_aHernández Alvarez, Octavio César _953795 |
||
| 245 |
_aAnálisis de los resultados de la evaluación genética de ganado suizo europeo / _cpor Octavio César Hernández Alvarez |
||
| 260 |
_aTurrialba, C. R. : _bEl autor, _c2003 |
||
| 300 | _a81 h. | ||
| 502 | _aTesis (Ing. Agr. Esp. en Zootecnia) -- UACH. Departamento de Zootecnia | ||
| 650 |
_aGanado vacuno _xCrecimiento _945450 |
||
| 650 |
_aGanado vacuno _xGenética _945470 |
||
| 650 |
_aGanado vacuno _xSuiza _945517 |
||
| 650 |
_aGenética animal _947483 |
||
| 901 | _aTESIS H 1775 | ||
| 902 | _aM | ||
| 910 | _a2003 | ||
| 942 | _c2 | ||
| 942 | _c2 | ||
| 999 |
_c168016 _d168016 |
||